[Event "XX Weekend C"]
[Site "Ceriano Laghetto ITA"]
[Date "2011.04.03"]
[Round "4"]
[White "Aldeghi, Damiano"]
[Black "Lamera, Giuseppe"]
[Result "0-1"]
[WhiteElo "1419"]
[BlackElo "1432"]
[PlyCount "123"]
[EventDate "2011.04.01"]

1. e4 d6 2. Nf3 c6 3. d4 Nf6 4. Nc3 Qa5 5. Bd2 Qb6 6. Na4 Qc7 7. Bd3 b5 8. Nc3
Qb6 9. O-O Bg4 10. Be3 Qc7 11. h3 Bxf3 12. Qxf3 Nbd7 13. d5 Ne5 14. Qe2 Nxd3
15. Qxd3 a6 16. Rad1 Nd7 17. Bf4 c5 18. Rfe1 g6 19. Qe3 Bg7 20. Bh6 O-O 21. h4
Ne5 22. Qf4 Qd7 23. f3 f5 24. Bxg7 Kxg7 25. Kf2 fxe4 26. Qxe4 Rae8 27. Rh1 Rf5
28. Ne2 Ref8 29. Rh3 Nc4 30. Qe6 Qxe6 31. dxe6 Nxb2 32. Re1 Re5 33. Nc3 Rxe1
34. Kxe1 Rf6 35. Ne4 Rxe6 36. Kd2 Nc4+ 37. Kd3 Re5 38. Kc3 a5 39. a4 Na3 40.
axb5 Nxb5+ 41. Kb3 Nd4+ 42. Ka4 Nxc2 43. Kxa5 c4+ 44. Ka4 d5 45. Nc3 e6 46. Rh1
Re3 47. Nb5 Kf6 48. Rc1 Ne1 49. g4 Nxf3 50. g5+ Ke5 51. Rh1 Re4 52. h5 Nxg5 53.
h6 Nf3 54. Rf1 Rf4 55. Nc3 Nd2 56. Rh1 Nb3 57. Ne2 Rg4 58. Kb4 Nd2 59. Kc3 Ne4+
60. Kb4 Rg2 61. Ng1 Rb2+ 62. Ka3 0-1

[Event "XX Weekend C"]
[Site "Ceriano Laghetto ITA"]
[Date "2011.04.03"]
[Round "4"]
[White "Annoni, Tiziano"]
[Black "Bernardi, Fausto"]
[Result "1-0"]
[WhiteElo "1500"]
[BlackElo "1383"]
[PlyCount "47"]
[EventDate "2011.04.01"]

1. e4 e5 2. Nf3 d6 3. d4 exd4 4. Nxd4 Nf6 5. Bd3 Be7 6. O-O c5 7. Nf5 Bxf5 8.
exf5 Nbd7 9. c3 b6 10. Re1 Ne5 11. Bb5+ Nfd7 12. f4 a6 13. fxe5 axb5 14. exd6
O-O 15. dxe7 Qc7 16. exf8=Q+ Kxf8 17. Qf3 Rd8 18. Bf4 Qc8 19. Nd2 Nf6 20. Bg5
c4 21. Ne4 Rd3 22. Re3 Nxe4 23. Qxe4 Rd2 24. Qe7+ 1-0

[Event "XX Weekend C"]
[Site "Ceriano Laghetto ITA"]
[Date "2011.04.03"]
[Round "4"]
[White "Ciochetta, Giovanni"]
[Black "Vitale, Piero"]
[Result "1-0"]
[WhiteElo "1461"]
[BlackElo "1383"]
[PlyCount "110"]
[EventDate "2011.04.01"]

1. e4 c5 2. Nc3 e6 3. Bc4 Nc6 4. a3 a6 5. d3 h6 6. Nf3 b5 7. Ba2 Bd6 8. O-O Qf6
9. Re1 Qg6 10. e5 Be7 11. Bf4 Bb7 12. Bg3 h5 13. Bh4 Nd4 14. Ne4 Bxe4 15. dxe4
Bxh4 16. Nxh4 Qg4 17. g3 g5 18. c3 Qxd1 19. Rexd1 gxh4 20. cxd4 hxg3 21. fxg3
cxd4 22. Rxd4 Nh6 23. h3 Rg8 24. Kh2 Rg5 25. Rad1 Ra7 26. Bb3 Rxe5 27. a4 Ng8
28. Bc2 Nf6 29. Rf1 Ke7 30. Rf4 Rc7 31. Bd3 Rc6 32. axb5 axb5 33. b4 Ra6 34.
Kg2 Ra2+ 35. Kf3 Rh2 36. Bf1 Nh7 37. Rh4 Nf6 38. Bg2 d5 39. exd5 Nxd5 40. Kf2
Ne3 41. Rhe4 Rxe4 42. Rxe4 Nxg2 43. Kg1 f5 44. Kxh2 fxe4 45. Kxg2 Kf6 46. Kf2
Ke5 47. Ke3 Kd5 48. g4 hxg4 49. hxg4 Kc4 50. g5 Kxb4 51. g6 Ka3 52. g7 b4 53.
g8=Q b3 54. Qa8+ Kb2 55. Qxe4 Ka1 1-0

[Event "XX Weekend C"]
[Site "Ceriano Laghetto ITA"]
[Date "2011.04.03"]
[Round "4"]
[White "Giametta, Pasquale"]
[Black "Nordio, Giorgio"]
[Result "1-0"]
[WhiteElo "1413"]
[BlackElo "1425"]
[PlyCount "65"]
[EventDate "2011.04.01"]

1. e4 c6 2. d4 d5 3. Nc3 dxe4 4. Nxe4 Bf5 5. Bd3 Bxe4 6. Bxe4 Nf6 7. Bf5 e6 8.
Qe2 Be7 9. Bd3 Qxd4 10. c3 Qb6 11. Nf3 Nbd7 12. b4 O-O 13. O-O Qc7 14. Bg5 Rfe8
15. Qe3 Ng4 16. Bxh7+ Kh8 17. Qd4 Bxg5 18. Qxg4 Kxh7 19. Nxg5+ Kg8 20. Qh5 Nf6
21. Qh4 Qe7 22. Rae1 Red8 23. f4 Qd6 24. f5 e5 25. Ne4 Nxe4 26. Qxe4 Qd3 27.
Qg4 Qd7 28. Qg3 Qd3 29. Qg4 Qd7 30. Qg3 Qd3 31. Re3 Qd6 32. f6 Rd7 33. Qxg7#
1-0

[Event "XX Weekend C"]
[Site "Ceriano Laghetto ITA"]
[Date "2011.04.03"]
[Round "4"]
[White "Gonella, Graziano"]
[Black "Kiszka, Jean Marc"]
[Result "0-1"]
[WhiteElo "1239"]
[BlackElo "1419"]
[PlyCount "102"]
[EventDate "2011.04.01"]

1. d4 Nf6 2. Nf3 g6 3. c4 Bg7 4. g3 c6 5. Bg2 e6 6. O-O d5 7. Qc2 O-O 8. b3
Nbd7 9. Bf4 Re8 10. Nbd2 Nh5 11. Be3 e5 12. Qd3 e4 13. Qc3 exf3 14. Bxf3 Nhf6
15. Bg5 h6 16. Be3 Nb6 17. Rfe1 Bh3 18. Bg2 Bxg2 19. Kxg2 Rc8 20. c5 Na8 21. f3
Qe7 22. Kf2 Qd7 23. Rh1 Qf5 24. g4 Nxg4+ 25. Kf1 Nxe3+ 26. Kf2 Bf6 27. h4 Nc7
28. Nf1 Nxf1 29. Raxf1 Ne6 30. e3 Ng7 31. b4 Qe6 32. Re1 Nf5 33. h5 Bh4+ 34.
Rxh4 Nxh4 35. hxg6 fxg6 36. Rh1 Qf6 37. Rh3 Rf8 38. f4 g5 39. Rxh4 gxh4 40. Ke2
Rce8 41. Kd1 Qf5 42. Kc1 Qe4 43. Kb2 Qxe3 44. Kb3 Qxc3+ 45. Kxc3 h3 46. Kb3 h2
47. Ka4 h1=Q 48. a3 Qd1+ 49. Ka5 Qb3 50. a4 Qc4 51. b5 Qc3# 0-1

[Event "XX Weekend C"]
[Site "Ceriano Laghetto ITA"]
[Date "2011.04.03"]
[Round "4"]
[White "Marchesotti, Giovanni"]
[Black "Scotti, Luigi"]
[Result "1-0"]
[WhiteElo "1575"]
[BlackElo "1567"]
[PlyCount "67"]
[EventDate "2011.04.01"]

1. c4 Nf6 2. Nc3 c5 3. Nf3 g6 4. g3 Bg7 5. Bg2 O-O 6. O-O d6 7. d4 b6 8. dxc5
Bb7 9. cxd6 exd6 10. Bf4 Ne8 11. Qd2 Na6 12. Bh6 Nf6 13. Bxg7 Kxg7 14. Rfd1 Rc8
15. b3 Qe8 16. Qb2 Kg8 17. Rxd6 Ne4 18. Nxe4 Bxe4 19. Rad1 Nc5 20. Ne1 Bxg2 21.
Nxg2 Qe7 22. Ne3 Ne4 23. Ng4 f6 24. Rd7 Qe6 25. f3 Ng5 26. R1d6 Nxf3+ 27. exf3
Qe1+ 28. Kg2 Rce8 29. Rd2 Re6 30. Qd4 Re2+ 31. Rxe2 Qxe2+ 32. Nf2 Qxa2 33. Qd5+
Kh8 34. Qb7 1-0

[Event "XX Weekend C"]
[Site "Ceriano Laghetto ITA"]
[Date "2011.04.03"]
[Round "4"]
[White "Rigo, Luigi"]
[Black "Ruo, Andrea"]
[Result "0-1"]
[WhiteElo "1404"]
[BlackElo "1362"]
[PlyCount "40"]
[EventDate "2011.04.01"]

1. e4 e6 2. d4 d5 3. e5 c5 4. c3 Nc6 5. Bb5 Bd7 6. a4 cxd4 7. cxd4 Bb4+ 8. Nc3
Nge7 9. f4 Qb6 10. Nf3 Rc8 11. O-O Nf5 12. Ne2 O-O 13. Qc2 Ncxd4 14. Qd3 Nxf3+
15. Kh1 Bxb5 16. Qxf3 Nd4 17. Nxd4 Bxf1 18. Qxf1 Qxd4 19. g3 Qe4+ 20. Kg1 Bc5+
0-1

[Event "XX Weekend C"]
[Site "Ceriano Laghetto ITA"]
[Date "2011.04.03"]
[Round "4"]
[White "Vergano, Riccardo"]
[Black "Brignone, Andrea"]
[Result "0-1"]
[WhiteElo "1435"]
[BlackElo "1536"]
[PlyCount "56"]
[EventDate "2011.04.01"]

1. d4 Nf6 2. c4 g6 3. Nc3 Bg7 4. Bg5 d6 5. e4 O-O 6. f4 Nbd7 7. Nf3 Re8 8. d5
h6 9. Bxf6 Bxf6 10. Bd3 c6 11. O-O Qb6+ 12. Kh1 Qxb2 13. e5 Qxc3 14. exf6 Qxf6
15. Qc2 Nb6 16. dxc6 bxc6 17. Nd2 d5 18. c5 Nd7 19. f5 g5 20. Rae1 Ne5 21. Re3
Nxd3 22. Qxd3 Rb8 23. Nb3 Rb4 24. Rg3 Ra4 25. Qc2 Ba6 26. Nd2 Bxf1 27. Qxa4 Qa1
28. Re3 Bb5+ 0-1

[Event "XX Weekend C"]
[Site "Ceriano Laghetto ITA"]
[Date "2011.04.03"]
[Round "4"]
[White "Vitale, Alessandro"]
[Black "Capurri, Giancarlo"]
[Result "1/2-1/2"]
[WhiteElo "1551"]
[BlackElo "1480"]
[PlyCount "106"]
[EventDate "2011.04.01"]

1. e4 c5 2. Nf3 e6 3. d4 Qc7 4. Nc3 a6 5. Be3 b6 6. Qd3 Bb7 7. Be2 d6 8. Rd1
Nd7 9. O-O Ngf6 10. d5 e5 11. Nb1 h6 12. c4 Be7 13. Ne1 g5 14. h3 Nf8 15. g4
Ng6 16. Ng2 Bc8 17. f3 Nh7 18. Rf2 Nf4 19. Bxf4 gxf4 20. Kh2 Rg8 21. Rg1 Bd7
22. a3 Qd8 23. Bf1 Bh4 24. Nxh4 Qxh4 25. Qe2 Ke7 26. Kh1 Rg7 27. Rh2 Rag8 28.
Qf2 Qf6 29. b4 h5 30. Be2 hxg4 31. hxg4 Ng5 32. Rgg2 Rg6 33. Kg1 Rh8 34. Kf1
Rgh6 35. Ke1 R8h7 36. Kd1 Qh8 37. Rxh6 Rxh6 38. Kc2 Qe8 39. Rh2 Qh8 40. Rxh6
Qxh6 41. Bf1 Qh7 42. Nc3 f6 43. b5 Qh8 44. a4 Kd8 45. bxa6 Kc7 46. Nb5+ Bxb5
47. axb5 Kb8 48. Be2 Ka7 49. Qg2 Qh4 50. Kd2 Qg3 51. Qh1 Qh3 52. Qxh3 Nxh3 53.
g5 Nxg5 1/2-1/2

[Event "XX Weekend C"]
[Site "Ceriano Laghetto ITA"]
[Date "2011.04.04"]
[Round "5"]
[White "Bernardi, Fausto"]
[Black "Ruo, Andrea"]
[Result "0-1"]
[WhiteElo "1383"]
[BlackElo "1362"]
[PlyCount "90"]
[EventDate "2011.04.01"]

1. Nf3 Nc6 2. Nc3 e5 3. e4 Nf6 4. Be2 Bc5 5. h3 d6 6. O-O Be6 7. d3 h6 8. Be3
Nd4 9. Na4 Nxf3+ 10. Bxf3 Bxe3 11. fxe3 Qd7 12. Nc3 O-O 13. Kh2 c6 14. Qe1 d5
15. exd5 cxd5 16. Qg3 d4 17. exd4 exd4 18. Ne2 Rac8 19. Rac1 Rfe8 20. a3 Qb5
21. b3 Qb6 22. Nf4 Qc7 23. Ne2 Qxg3+ 24. Nxg3 Bd5 25. Bxd5 Nxd5 26. Ne4 Ne3 27.
Rf2 Rc6 28. b4 Rec8 29. Nc5 b6 30. Nb3 Rxc2 31. Rcxc2 Rxc2 32. Rxc2 Nxc2 33.
Kg3 Kf8 34. Kf4 Ke7 35. Ke4 Nxa3 36. Nxd4 Kd7 37. Kd5 g6 38. Nc6 Nb5 39. Ne5+
Ke7 40. Kc6 Nd4+ 41. Kb7 a5 42. bxa5 bxa5 43. Nc4 a4 44. Ka6 Nc2 45. Nb6 a3 0-1

[Event "XX Weekend C"]
[Site "Ceriano Laghetto ITA"]
[Date "2011.04.04"]
[Round "5"]
[White "Brignone, Andrea"]
[Black "Grigioni, Giulio"]
[Result "1-0"]
[WhiteElo "1536"]
[BlackElo "1440"]
[PlyCount "95"]
[EventDate "2011.04.01"]

1. e4 d6 2. d4 Nf6 3. Nc3 g6 4. Nf3 Bg7 5. Be2 O-O 6. Be3 Ng4 7. Qd2 Nxe3 8.
Qxe3 c6 9. Nd2 e5 10. Nb3 exd4 11. Nxd4 Qb6 12. O-O-O Na6 13. Bxa6 bxa6 14. Qd2
c5 15. Nb3 Be6 16. Qxd6 c4 17. Qxb6 axb6 18. Nd4 Bd7 19. Nde2 Be6 20. a3 Rad8
21. Rxd8 Rxd8 22. Rd1 Rxd1+ 23. Kxd1 b5 24. Kd2 f5 25. exf5 Bxf5 26. Ng3 Bh6+
27. Kd1 Bc8 28. f3 Bf4 29. Nf1 Be5 30. g3 g5 31. Ke2 Kf7 32. Ke3 h6 33. Nd1 Bf5
34. Kd2 h5 35. Nfe3 Be6 36. c3 h4 37. Nf1 Bh3 38. Nde3 a5 39. Ke2 b4 40. Kd2
bxa3 41. bxa3 Bd6 42. a4 Bc5 43. Kc2 Bxf1 44. Nxf1 hxg3 45. hxg3 Kf6 46. Nd2
Bf2 47. Nxc4 Bxg3 48. Nxa5 1-0

[Event "XX Weekend C"]
[Site "Ceriano Laghetto ITA"]
[Date "2011.04.04"]
[Round "5"]
[White "Capurri, Giancarlo"]
[Black "Vergano, Riccardo"]
[Result "1-0"]
[WhiteElo "1480"]
[BlackElo "1435"]
[PlyCount "67"]
[EventDate "2011.04.01"]

1. c4 e5 2. Nc3 f5 3. e4 Nf6 4. a3 d6 5. d3 f4 6. h3 Be7 7. Be2 Nc6 8. Nf3 O-O
9. b4 a6 10. d4 Nh5 11. Nd5 Nf6 12. dxe5 Nxe5 13. Qc2 c6 14. Nxe7+ Qxe7 15.
Bxf4 Nxf3+ 16. Bxf3 d5 17. O-O Nxe4 18. Bh2 Ng5 19. Qc3 Nxf3+ 20. gxf3 Bxh3 21.
Rfe1 Qg5+ 22. Bg3 Rf6 23. Re5 Rf5 24. Rae1 Raf8 25. Qd4 Qg6 26. cxd5 Rxf3 27.
Kh2 Bg4 28. Kg1 Qh6 29. Qxg4 R3f6 30. Re6 cxd5 31. Bd6 Rd8 32. Re8+ Rxe8 33.
Rxe8+ Kf7 34. Rf8# 1-0

[Event "XX Weekend C"]
[Site "Ceriano Laghetto ITA"]
[Date "2011.04.03"]
[Round "5"]
[White "Kiszka, Jean Marc"]
[Black "Ruo, Valentina"]
[Result "1/2-1/2"]
[WhiteElo "1419"]
[BlackElo "1431"]
[PlyCount "41"]
[EventDate "2011.04.01"]

1. c4 e5 2. Nc3 Nf6 3. g3 Bb4 4. Bg2 d6 5. Nf3 Nc6 6. O-O O-O 7. d3 Be6 8. Ng5
Bd7 9. Nge4 Ng4 10. a3 Bxc3 11. bxc3 Qc8 12. h3 Nh6 13. Bxh6 gxh6 14. Nf6+ Kh8
15. Nxd7 Qxd7 16. Rb1 Rab8 17. e3 Rg8 18. d4 exd4 19. cxd4 Nd8 20. d5 b6 21.
Kh2 1/2-1/2

[Event "XX Weekend C"]
[Site "Ceriano Laghetto ITA"]
[Date "2011.04.04"]
[Round "5"]
[White "Lamera, Giuseppe"]
[Black "Giametta, Pasquale"]
[Result "1-0"]
[WhiteElo "1432"]
[BlackElo "1413"]
[PlyCount "47"]
[EventDate "2011.04.01"]

1. e4 e5 2. Nf3 Nf6 3. d3 Bc5 4. Nxe5 Nc6 5. Nxc6 dxc6 6. a3 O-O 7. Be2 Qd4 8.
O-O Be6 9. c3 Qd7 10. Nd2 Bb6 11. Nf3 g6 12. Ng5 c5 13. Nxe6 fxe6 14. Bh6 Rfe8
15. Bg5 Qf7 16. b3 c4 17. bxc4 Rf8 18. Bf3 Nh5 19. d4 c5 20. d5 exd5 21. exd5
Rad8 22. Bxd8 Rxd8 23. d6 Qxc4 24. Bd5+ 1-0

[Event "XX Weekend C"]
[Site "Ceriano Laghetto ITA"]
[Date "2011.04.04"]
[Round "5"]
[White "Nordio, Giorgio"]
[Black "Rigo, Luigi"]
[Result "1/2-1/2"]
[WhiteElo "1425"]
[BlackElo "1404"]
[PlyCount "40"]
[EventDate "2011.04.01"]

1. e4 d5 2. exd5 Qxd5 3. Nc3 Qa5 4. Nf3 Nf6 5. Bc4 Bf5 6. O-O e6 7. d3 c6 8.
Bg5 Nbd7 9. h3 Bb4 10. Bd2 b5 11. Bb3 O-O 12. a3 Bxc3 13. Bxc3 Qd8 14. Re1 Nd5
15. Bd4 a5 16. Bxd5 exd5 17. Qd2 h6 18. Ne5 Nxe5 19. Bxe5 f6 20. Bf4 Kh7
1/2-1/2

[Event "XX Weekend C"]
[Site "Ceriano Laghetto ITA"]
[Date "2011.04.04"]
[Round "5"]
[White "Scotti, Luigi"]
[Black "Annoni, Tiziano"]
[Result "0-1"]
[WhiteElo "1567"]
[BlackElo "1500"]
[PlyCount "64"]
[EventDate "2011.04.01"]

1. e4 e5 2. Nf3 Nc6 3. Bb5 a6 4. Ba4 Nf6 5. O-O Be7 6. Re1 b5 7. Bb3 d6 8. d4
Bg4 9. c3 O-O 10. d5 Na5 11. Bc2 Nb7 12. Nbd2 Rc8 13. Nf1 c6 14. Ne3 Bh5 15.
Nf5 cxd5 16. Nxe7+ Qxe7 17. Bg5 h6 18. Bxf6 Qxf6 19. exd5 Rc4 20. Be4 Nc5 21.
Qc2 Nxe4 22. Rxe4 Bxf3 23. Rxc4 Qg5 24. g3 bxc4 25. h3 Qh5 26. Kh2 Bxd5 27. g4
Qg5 28. Qf5 Qxf5 29. gxf5 Be4 30. Rd1 Rd8 31. b3 cxb3 32. axb3 Bc2 0-1

[Event "XX Weekend C"]
[Site "Ceriano Laghetto ITA"]
[Date "2011.04.04"]
[Round "5"]
[White "Vitale, Aurora"]
[Black "Gianini, Gianluca"]
[Result "1-0"]
[WhiteElo "1398"]
[BlackElo "1473"]
[PlyCount "60"]
[EventDate "2011.04.01"]

1. e4 c5 2. Nf3 d6 3. Nc3 Nf6 4. g3 Nc6 5. Bg2 Bg4 6. d3 e6 7. Be3 Be7 8. O-O
O-O 9. Qd2 Re8 10. d4 cxd4 11. Nxd4 Nxd4 12. Bxd4 e5 13. Be3 Qd7 14. f4 Bh3 15.
f5 Bxg2 16. Qxg2 b6 17. Nd5 Nxd5 18. exd5 Bf6 19. g4 e4 20. g5 Bxb2 21. Rad1
Be5 22. f6 g6 23. Bf4 Bxf4 24. Rxf4 e3 25. Re1 Re5 26. Qg3 Rae8 27. Qh4 Kh8 28.
Qh6 Rg8 29. Rh4 Rxg5+ 30. Qxg5 h5 1-0

[Event "XX Weekend C"]
[Site "Ceriano Laghetto ITA"]
[Date "2011.04.04"]
[Round "5"]
[White "Vitale, Piero"]
[Black "Sala, Pierluigi"]
[Result "1-0"]
[WhiteElo "1383"]
[BlackElo "1508"]
[PlyCount "55"]
[EventDate "2011.04.01"]

1. d4 Nf6 2. Nf3 e6 3. g3 d5 4. Bf4 c5 5. c3 Nc6 6. Bg2 Be7 7. O-O O-O 8. Nbd2
cxd4 9. cxd4 Bd7 10. a3 Rc8 11. Rc1 Ne4 12. Ne5 Nd6 13. Ndf3 Nxe5 14. Nxe5 Nc4
15. Nxc4 dxc4 16. Bxb7 Bc6 17. Bxc8 Qxc8 18. Rxc4 Qb7 19. Qd2 Rd8 20. Rfc1 Be4
21. f3 Bxf3 22. exf3 Qxf3 23. Qf2 Qb3 24. Rc7 Bf8 25. Rxa7 Qb6 26. Rac7 g6 27.
Be5 Bh6 28. Qxf7# 1-0